|
|
|
|
| LEADER |
00000naa a2200000uu 4500 |
| 001 |
vtls011095772 |
| 003 |
SK-MaSNL |
| 005 |
20260302110927.0 |
| 008 |
210908|1998 xo |||||||||||||||||slo| |
| 015 |
|
|
|a SNBRA
|
| 035 |
|
|
|a (urnnbn)urn:nbn:sk:snk:ar-a0cu6i
|
| 035 |
|
|
|a (uuid)f78a9280-8c23-4901-89bb-d00e4fdf70e8
|
| 035 |
|
|
|a urn:nbn:sk:snk-aavzsm
|
| 040 |
|
|
|a SNKBUCL
|b slo
|c SNKBUCL
|e AACR2
|
| 041 |
0 |
|
|a slo
|
| 044 |
|
|
|a xo
|c SK
|
| 100 |
1 |
|
|a Csatáryová, Mária
|4 aut
|9 562802
|
| 245 |
1 |
0 |
|a Prieskum vedomostí žiakov 1. stupňa v učive prírodovedy
|c MÁRIA CSATÁRYOVÁ, PETER CSATÁRY
|
| 700 |
1 |
|
|a Csatáry, Peter
|4 aut
|9 43223
|
| 773 |
0 |
|
|t Fyzikálne vzdelávanie dnes a po roku 2000 : medzinárodná vedecká konferencia, 18.-21. január 1998 : zborník
|d Prešov] : Prešovská univerzita, 1998, 1998
|g S. 76-78
|z 8088885310
|
| 958 |
|
|
|a OND
|
| 958 |
|
|
|a article12
|
| 958 |
|
|
|a chapter
|
| 999 |
|
|
|c 1245513
|d 1247443
|